000 002890000a22001450004500
003 MACL
040 _aMACL
090 _c8023
_d8022
100 _aKrishna,M.
245 _aThe Indian Elephant
260 _bPublicaton Division
_c1970
350 _a2.75
650 _aAnimals
942 _cBOOK
999 _c7973
_d7973